[Event "Bayernliga U20 1617"]
[Site "Bayern"]
[Date "2017.01.21"]
[Round "4.2"]
[White "Wagner, Robert"]
[Black "Kreinhaus, Andrei"]
[Result "1-0"]
[WhiteElo "2065"]
[BlackElo "1890"]
[PlyCount "119"]
[EventDate "2016.11.12"]
[EventType "team-tourn"]
[EventRounds "7"]
[EventCountry "GER"]
[SourceTitle "EXT 2022"]
[Source "ChessBase"]
[SourceDate "2021.10.06"]
[SourceVersion "1"]
[SourceVersionDate "2021.10.06"]
[SourceQuality "1"]
[WhiteTeam "Forchheim SC U20"]
[BlackTeam "Muenchen SO SK U20"]
[WhiteTeamCountry "GER"]
[BlackTeamCountry "GER"]

1. d4 d5 2. c4 e6 3. Nc3 Nf6 4. cxd5 exd5 5. Bg5 Be7 6. Qc2 h6 7. Bh4 c6 8. e3 0-0 9. Bd3 Re8 10. Nge2 Nbd7 11. 0-0 Ne4 12. Bxe7 Qxe7 13. Bxe4 dxe4 14. Ng3 Nf6 15. Rfd1 b6 16. d5 c5 17. d6 Qe5 18. Ncxe4 Nxe4 19. Qxe4 Qxe4 20. Nxe4 Rxe4 21. d7 Bxd7 22. Rxd7 Kf8 23. Kf1 Re7 24. Rd5 Rc8 25. Ke2 Rec7 26. Kd3 Ke7 27. Kc4 b5+ 28. Kc3 Rd7 29. Rad1 Rxd5 30. Rxd5 Ke6 31. e4 a6 32. f4 g6 33. g4 Rc6 34. h3 Rc7 35. a4 bxa4 36. Kc4 Rb7 37. Rxc5 Rxb2 38. Rc6+ Ke7 39. Rxa6 Rh2 40. Kd5 Rxh3 41. f5 gxf5 42. gxf5 a3 43. Ke5 Rb3 44. Ra7+ Ke8 45. Kf6 Rb6+ 46. Kg7 Rb3 47. e5 h5 48. Kf6 Rf3 49. Re7+ Kd8 50. Rxf7 a2 51. Ra7 Rf2 52. e6 Re2 53. Kf7 h4 54. f6 h3 55. e7+ Kc8 56. Rxa2 h2 57. Rxe2 h1Q 58. e8Q+ Kc7 59. Rc2+ Kd6 60. Qe6# 1-0

[Event "Bayernliga U20 1516"]
[Site "Bayern"]
[Date "2016.02.27"]
[Round "7.3"]
[White "Wagner, Robert"]
[Black "Kreinhaus, Andrei"]
[Result "1-0"]
[WhiteElo "1993"]
[BlackElo "1828"]
[PlyCount "53"]
[EventDate "2015.11.21"]
[EventType "team-tourn"]
[EventRounds "7"]
[EventCountry "GER"]
[SourceTitle "EXT 2022"]
[Source "ChessBase"]
[SourceDate "2021.10.06"]
[SourceVersion "1"]
[SourceVersionDate "2021.10.06"]
[SourceQuality "1"]
[WhiteTeam "Forchheim SC U20"]
[BlackTeam "Muenchen Suedost SK U20"]
[WhiteTeamCountry "GER"]
[BlackTeamCountry "GER"]

1. d4 Nf6 2. c4 c5 3. d5 g6 4. Nc3 Bg7 5. e4 d6 6. Bd3 0-0 7. Nge2 a6 8. f3 e6 9. 0-0 exd5 10. exd5 Re8 11. Ng3 Nbd7 12. Bf4 Ne5 13. Re1 Qc7 14. Bf1 Bd7 15. Qd2 Rab8 16. a4 Qa5 17. Nce4 Qxd2 18. Bxd2 Nxe4 19. Nxe4 b5 20. axb5 axb5 21. cxb5 Rb6 22. Ba5 Rbb8 23. Bc3 f6 24. Nxd6 Rf8 25. Ra7 Bc8 26. f4 Nf7 27. Ree7 1-0

[Event "Bayernliga U20 1516"]
[Site "Bayern"]
[Date "2015.12.19"]
[Round "3.3"]
[White "Drechsel, Simon"]
[Black "Kreinhaus, Andrei"]
[Result "1/2-1/2"]
[WhiteElo "1583"]
[BlackElo "1828"]
[PlyCount "55"]
[EventDate "2015.11.21"]
[EventType "team-tourn"]
[EventRounds "7"]
[EventCountry "GER"]
[SourceTitle "EXT 2022"]
[Source "ChessBase"]
[SourceDate "2021.10.06"]
[SourceVersion "1"]
[SourceVersionDate "2021.10.06"]
[SourceQuality "1"]
[WhiteTeam "Neumarkt U20"]
[BlackTeam "Muenchen Suedost SK U20"]
[WhiteTeamCountry "GE2"]
[BlackTeamCountry "GER"]

1. b3 e5 2. Bb2 Nc6 3. e3 d5 4. Bb5 Bd6 5. Ne2 Nge7 6. d3 a6 7. Bxc6+ Nxc6 8. Nd2 0-0 9. Ng3 f5 10. Qh5 Qe7 11. 0-0 Nb4 12. a3 Nxc2 13. Rac1 Nxa3 14. f4 exf4 15. exf4 Qe3+ 16. Rf2 Bc5 17. d4 Bxd4 18. Bxd4 Qxd4 19. Rxc7 Nb5 20. Re7 Nc3 21. Nf3 Qf6 22. Qg5 Ne4 23. Nxe4 dxe4 24. Qxf6 Rxf6 25. Ne5 Be6 26. Rxb7 Rc8 27. Rd2 e3 28. Rd1 1/2-1/2

[Event "Bayernliga U20 1516"]
[Site "Bayern"]
[Date "2015.12.19"]
[Round "2.3"]
[White "Kreinhaus, Andrei"]
[Black "Siegl, Adrian"]
[Result "1-0"]
[WhiteElo "1828"]
[BlackElo "1771"]
[PlyCount "101"]
[EventDate "2015.11.21"]
[EventType "team-tourn"]
[EventRounds "7"]
[EventCountry "GER"]
[SourceTitle "EXT 2022"]
[Source "ChessBase"]
[SourceDate "2021.10.06"]
[SourceVersion "1"]
[SourceVersionDate "2021.10.06"]
[SourceQuality "1"]
[WhiteTeam "Muenchen Suedost SK U20"]
[BlackTeam "Nuernberg Sued SW U20"]
[WhiteTeamCountry "GER"]
[BlackTeamCountry "GER"]

1. e4 c5 2. c3 d5 3. exd5 Qxd5 4. d4 e5 5. dxe5 Qxd1+ 6. Kxd1 Nc6 7. f4 f6 8. exf6 Nxf6 9. Bd3 Bg4+ 10. Kc2 0-0-0 11. b3 Nd5 12. Bd2 Bd6 13. h3 Bh5 14. g4 Bf7 15. Ne2 Rhe8 16. Na3 Ne3+ 17. Bxe3 Rxe3 18. Nc4 Re7 19. Nxd6+ Rxd6 20. Rad1 Bd5 21. Rh2 Kc7 22. Ng3 Bf3 23. Rdd2 g6 24. Rhf2 Re3 25. Bc4 Bd1+ 26. Rxd1 Rxd1 27. Kxd1 Rxg3 28. f5 gxf5 29. gxf5 Kd8 30. f6 Ke8 31. Be6 Nd8 32. Bf5 Kf7 33. Bxh7 Rxh3 34. Be4 Rxc3 35. Bd5+ Ke8 36. Kd2 Rh3 37. Rg2 Rh5 38. Rg8+ Kd7 39. Rg7+ Kd6 40. Bxb7 Ke6 41. Bf3 Rh2+ 42. Rg2 Rxg2+ 43. Bxg2 Kxf6 44. Kc3 Ke5 45. Kc4 Ne6 46. Bh3 Nf4 47. Bg4 Kd6 48. Kb5 Nd3 49. a4 Kd5 50. a5 Nb4 51. a6 1-0